All Jedi (Canon) - Statistics

General Stats
  • This quiz has been taken 73 times
    69 since last reset
  • The average score is 29 of 99
Answer Stats
Hint Name % Correct
The Chosen One. Anakin Skywalker
90%
Purple Lightsaber. Mace Windu
83%
Grand Master. Yoda
83%
Twi'lek killed on Felucia. Aayla Secura
81%
First appeared during the Battle of Christophsis and eventually became an all time fan favorite. Ahsoka Tano
81%
Killed along with Agen Kolar, Saesee Tinn, and Mace Windu. From Glee Anselm. Kit Fisto
77%
Son of the Chosen One. Luke Skywalker
77%
Lost his master, his apprentice, his loved one, and his entire family and home, and never gave up. Obi-Wan Kenobi
75%
The one who found Ahsoka. Was killed on Cato Nemoidia. Plo Koon
75%
Vaders grandson. Not his Sith name. Ben Solo
73%
Zabrak Jedi who was apart of the team to arrest Palpatine. Agen Kolar
71%
Was a Jedi before becoming Darth Sidious apprentice during the Clone Wars. Count Dooku
69%
Killed by Darth Maul on Naboo. Qui-Gon Jinn
69%
Was mainly Stationed on Kamino during the Clone Wars. Shaak Ti
69%
A male Nikto Jedi Knight the watched the security hologram of Eeth Koth being tortured by General Grievous. Just type the first 2 letters of his name. Ma'kis'shaalas
67%
Carean killed on Mygeeto. Ki-Adi-Mundi
65%
Will never ever ever be a Skywalker. Rey
65%
Was captured by General Grievous over Saleucami and also survived Order 66. Eeth Koth
58%
We don't know much about the species of this character. Yaddle
58%
Killed by Savage Oppress on Florrum. Adi Gallia
56%
This Jedi betrayed the Jedi Order by bombing the Jedi Temple Hanger, but would eventually realize that she was wrong during the reign of the Empire. Barris Offee
54%
Started as a Jedi, then became a Sith assassin, then was a Bounty Hunter briefly before following her own path. Asajj Ventress
52%
Chalactan killed on Kaller. Depa Billaba
52%
He survived Order 66 after escaping The Bad Batch on Kaller. He would go on to join the Rebels, train Ezra, and have a son with Hera Syndulla. Also his real name is Caleb. Kanan Jarrus
52%
Was on Kashyyyk during Order 66. They initially survived but not for very long. Luminara Unduli
52%
Was never confirmed to have survived Order 66 until the Kenobi Show. Was on Kashyyyk when it happened. Quinlan Vos
52%
From Lothal and becomes part of a small Rebel team. Was trained by Kanan Jarrus. Ezra Bridger
50%
Chief Librarian. Jocasta Nu
50%
Was killed by Jango Fett on Geonosis. Coleman Trebor
48%
Killed along with Kit Fisto, Agen Kolar, and Mace Windu. Saesee Tiin
44%
His name means "I'm going to die". Ima-Gun Di
40%
Snake like Jedi who was thought to have been killed during Order 66 by the Empire but actually Survived. Oppo Rancisis
40%
The one who requested the order of Clones unbeknownst to the Jedi and the Republic. Sifo-Dyas
38%
Quermian Jedi Master. Has a long neck. Yarael Poof
38%
Lannik killed on Lola Sayu. Even Piell
35%
Escaped the Jedi Temple during Order 66. Grogu
35%
Apprentice of Kit Fisto. Nahdar Vebb
35%
Ongree Jedi Master and survived Order 66. Coleman Kcaj
33%
Tholothian Killed on Saleucami. Stass Allie
33%
Male Weequay Jedi Master that trained many students during the Separatist Crisis. Sora Bulq
31%
Very Very rare to see this species as a Jedi. Was also part of the gathering. Survived Order 66. Gungi
29%
A master duelist that was killed by Vader at the Jedi Temple. Cin Drallig
27%
Same as above but this Jedi was killed. Kalifa
27%
Mikkian Killed on Ringo Vinda. Has a twin. Tiplar
27%
The twin of above. Tiplee
27%
There apprentice is Bairdon Jace. Khaat Qiyn
23%
One of the Jedi that was Kidnapped by Trandoshans. O-mer
23%
Helped Ahsoka retrieve her lightsaber after it was stolen. Tera Sinube
23%
A Rodian Jedi that was killed in an attempt to get information of the Cyber memory crystal by Cad Bane. Bolla Ropal
21%
There master was Mace Windu and was seen at the First Battle of Geonosis. Bultar Swan
19%
Tholothian Jedi a part of the gathering. Katooni
19%
Came close to escaping with Bail Organa on his speeder but was killed by Sergeant Fox of the 501st Legion. Zett Jukassa
19%
Nautolan Jedi padawan that was killed on Devaron. Knox
17%
Cad Bane assassinated this Jedi to get into the Jedi Temple. Ord Enisence
17%
She was good fiends with Sammo Quid and Caleb Dume. Tai Uzuma
17%
Female Togruta Jedi youngling a part of the Bear Clan. Ashla
15%
Ithorian Yougling part of the gathering. Byph
15%
Roonan killed on Devaron. Halsey
15%
Cocky Jedi a part of the gathering. Petro
15%
Ongree Male Jedi that participated in the First Battle of Geonosis. Pablo-Jill
13%
He's a Bounty Hunter when we first meet him, but he turns out to be Jedi the entire time and is working with the Empire. Bode Akuna
10%
Rodian Padawan part of the Gathering. Ganodi
10%
The Twi'lek Jedi that was kidnapped by Trandoshans along with Kalifa, O-mer, and Ahsoka. Jinx
10%
Helped above escape. Kelleren Beq
10%
This Jedi found Asajj Ventress. Ky Narec
10%
Was the master of Quinlan Vos and was killed very early on in the Clone Wars. Tholme
10%
One of the three Jedi seen on the security hologram at the Jedi Temple being killed by the newly appointed Vader. Bene
8%
Killed by Darth Maul on an Outer Rim Spaceport. Finn Ertay
8%
This Twi'lek Jedi was good friends with Caleb Dume and Tai Uzuma and he would often study under Yoda. Sammo Quid
8%
Nautolan Jedi a part of the gathering. Zatt
8%
There Master was Khaat Qiyn. Bairdon Jace
6%
Not super well known but this Jed is from Mon Cala. Eekar Oki
6%
This Youngling is the one who told Yoda that someone could have erased the location of Kamino off the star charts when Obi-Wan came asking for guidance. Liam
6%
A Halaisi Consular Jedi medic. Rig Nema
6%
We find this Jedi on Dathomir and has learned the ways of the Nightsisters. Tarron Malicos
6%
This Jedi perished on Utapau. Tu-Anh
6%
Male Whiphid Jedi youngling part of the Bear Clan. Jempa
4%
Male Weequay Jedi Knight that participated in the First Battle of Geonosis. Que-Mars Redath-Gom
4%
There master was Agen Kolar. He died at the First Battle of Geonosis in the arena. Tan Yuster
4%
One of the Jedi being killed by Vader at the Jedi Temple on the security hologram. Whie Malreaux
4%
Iktotchi Jedi whose apprentice was Verla. They would also go on to survive the Jedi Purge. Ferren Barr
2%
Male Nikto Jedi Knight who participated at the First Battle of Geonosis. Fi-Ek Sirch
2%
One of the Jedi seen throwing a lightsaber to Obi-Wan and Anakin inside the arena of Attack of the Clones. Nicanas Tassu
2%
Female Chalactan that participated in the First Battle of Geonosis. Sar Labooda
2%
One of the Jedi seen throwing a lightsaber to Obi-Wan and Anakin in the arena in Attack of the Clones. Sephjet Josall
2%
Mahran male Jedi Knight. Not much is Known. Akar-Deshu
0%
Maz Kanata has a statue of this ancient Jedi master during the Old Jedi Order. Cherff Maota
0%
She wan hunted down by Darth Maul, Cad Bane, Aurra Sing, Vorhdeilo, and Troo-tril-tek. This Jedi is a Twi'lek Padawan. Eldra Kaitas
0%
There master was Sora Bulq. Not. much is known about this Jedi. Galdos Stouff
0%
Male Nikto Jedi Master. Not much is known. J'oopi Shé
0%
Jedi Master during the Clone Wars. Nothing is known about this character. Kep-She
0%
This Jedi Master survived Order 66 by taking the Barash vow. Kirak Infil'a
0%
Female Human Jedi youngling. Not much is known about this Jedi. Lexa Tcheil
0%
Jedi youngling part of Bear Clan. Mari Amithest
0%
Male Human Jedi Knight. Not much is known. Melik Galerha
0%
Female Devaronian Jedi Knight. Not much is known. Rissa Mano
0%
Ithorian Jedi Master that died during the Battle of Coruscant. Roron Corobb
0%
Jedi youngling a part of Bear Clan. Saylind Donels
0%
Male Klatooinian that participated in the First Battle of Geonosis. Sta-Den Eekin
0%
No matching quizzes found
Score Distribution
Percent of People with Each Score
Percentile by Number Answered
Your Score History
You have not taken this quiz since the last reset